| 000 | 00801nam a2200241Ia 4500 | ||
|---|---|---|---|
| 005 | 20160223152105.0 | ||
| 008 | 130912s1998 enk frn 001 0deng | ||
| 020 | _a0521343399 | ||
| 020 | _a521405742 | ||
| 040 |
_aCO-BoUCM _bspa _c[Nuevo] _d[Nuevo] |
||
| 041 | 0 | 0 | _aeng |
| 100 |
_aMills, Terence _945011 |
||
| 245 | 0 | 0 |
_aTime series tecniques for economist _cTerence Mills |
| 260 |
_aCambridge (Inglaterra) _bCambridge University Press _c1998 |
||
| 300 | _a377 páginas | ||
| 504 | _aIncluye referencias bibliográficas e índices | ||
| 650 | 7 |
_aAnálisis de series de tiempo _98970 |
|
| 650 | 7 |
_aEconometría _913653 |
|
| 650 | 7 |
_aEconomía matemática _913703 |
|
| 690 |
_aEconomía _9174 |
||
| 942 |
_a7 _e1 _mM657t _cLIBRORESER _2DEWEY _h330.015195 |
||
| 999 |
_c28539 _d28539 |
||